000 00674nam a2200229 4500
005 20250709101610.0
008 250709b |||||||| |||| 00| 0 eng d
020 _a9789937962643
082 _223rd.
_a800
_bM276l
100 1 _9Magarati, Shyam Lal
245 _aLiterature for language development/
_cShyam Lal Magarati. [et.al].
260 _aKathmandu:
_bSubhakamana Prakashan,
_c2082BS.
300 _a230p. : ill.
504 _aIncludes bibliography.
650 _2Literature
650 _2Language
650 _2English literature
700 _aMagarati, Shyam Lal
_936930
700 _aRai, Prakash
700 _aKhatri, Dipendra Kumar
942 _2ddc
_cISBN
999 _c123669
_d123657